• 首页
  • 本馆介绍
  • 公告通知
  • 最新文献
  • 馆藏检索
  • 电子资源
  • 读者导购
  • 参考咨询
  • 我的图书馆
  • 登录
  • 详细信息显示
  • 放入我的书架
  • 预约/预借图书
  • 作者相关作品
  • 分类相关作品
  • 丛书相关作品
  • 出版社相关作品

书目信息

  • 表格格式
  • 工作单格式
  • 卡片格式
题名:
薪酬管理
    
 
作者: 张雪飞 编
分册:  
出版信息: 北京   机械工业出版社  2014
页数: 296页
开本: 26cm
丛书名:
单 册:
中图分类: F244
科图分类:
主题词: 工资管理--高等教育--教材 , 工资管理
电子资源:
ISBN: 978-7-111-44806-8
000 00988nam0 2200289 450
001 523
005 20140908164725.68
010    @a978-7-111-44806-8@dCNY38.00
100    @a20140314d2014 em y0chiy50 ea
101 0  @achi
102    @aCN@b110000
105    @ay z 000yy
106    @ar
200 1  @a薪酬管理@AXin Chou Guan Li@f张雪飞[等]编@FZhang Xue Fei [ Deng ] Bian
210    @a北京@c机械工业出版社@d2014
215    @a296页@d26cm
300    @a普通高等教育规划教材
304    @a编者还有:杜立夫、张润子、缪春光
312    @a封面英文题名:Compensation management
330    @a本书按照薪酬管理的具体操作流程,主要介绍了战略性薪酬管理、薪酬体系设计、薪酬水平与薪酬结构的设计、员工福利管理以及薪酬管理信息系统等内容。
510 1  @aCompensation management@zeng
606 0  @a工资管理@x高等教育@j教材
606 0  @a工资管理
690    @aF244@v5
701  0 @a张雪飞@AZhang Xue Fei@c(女,人力资源)@4编
801  0 @aCN@bTANGWEI@c20140603
905    @b0838420-22@dF244@e114@f3
    
    薪酬管理/张雪飞[等]编.-北京:机械工业出版社,2014
    296页;26cm
    普通高等教育规划教材
    
    ISBN 978-7-111-44806-8:CNY38.00
    本书按照薪酬管理的具体操作流程,主要介绍了战略性薪酬管理、薪酬体系设计、薪酬水平与薪酬结构的设计、员工福利管理以及薪酬管理信息系统等内容。
●
相关链接 在E读中查询图书 在五车中查询图书 在当当中查询图书 在豆瓣中查询图书


正题名:薪酬管理     索取号:F244/114         预约/预借

序号 登录号 条形码 馆藏地/架位号 状态 备注
1 0838420   208384201   第一样本阅览室/ [索取号:F244/114] 在馆    
2 0838421   208384210   密集书库-海洋学院/ [索取号:F244/114] 在馆    
3 0838422   208384229   第一借阅区/ [索取号:F244/114] 在馆    
唐山师范学院图书馆 欢迎您!
大连网信软件有限公司© 版权所有